Statistics for Joji Charting Songs (Billboard Hot Rock / Alt)

Click here to take the quiz!

General Stats

  • This quiz has been taken 20 times
    (17 since last reset)
  • The average score is 3 of 9

Answer Stats

AlbumWeeks OnPeakArtist(s)Song% Correct
Nectar16 Weeks#12Joji x DiploDaylight
83%
Nectar3 Weeks#28Joji & BENEEAfterthought
67%
Nectar20 Weeks#12JojiGimme Love
50%
Nectar1 Week#31Joji ft. Omar ApolloHigh Hopes
33%
Nectar2 Weeks#18JojiTick Tock
17%
Nectar1 Week#32Joji ft. rei brownNormal People
17%
Nectar1 Week#41Joji & Yves TumorReanimator
17%
Nectar1 Week#29JojiUpgrade
0%
Nectar1 Week#33Joji777
0%

Score Distribution

Percentile by Number Answered

Percent of People with Each Score

Your Score History

You have not taken this quiz since the last reset